| 000 | 00392nam a22001697a 4500 | ||
|---|---|---|---|
| 003 | OSt | ||
| 005 | 20240309125307.0 | ||
| 008 | 170926b xxu||||| |||| 00| 0 eng d | ||
| 020 | _a9788123923314 | ||
| 040 | _cSEROSOFT | ||
| 100 | _aCHAURASIA'S,B.D | ||
| 245 | _aHUMAN ANATOMY VOL-2 | ||
| 250 | _a7TH | ||
| 260 |
_aNEW DELHI _bCBS PUBLISHER _c2016 |
||
| 300 | _a498 | ||
| 942 |
_2ddc _c02 _e7TH |
||
| 999 |
_c40678 _d40678 |
||